[Event "Sachsen-Anhalt Verbandsliga 1920"]
[Site "Sachsen Anhalt"]
[Date "2020.03.01"]
[Round "6.1"]
[White "Praczyk, Karl"]
[Black "Anders, Alexey"]
[Result "1/2-1/2"]
[WhiteElo "1973"]
[BlackElo "1984"]
[PlyCount "82"]
[EventDate "2019.09.29"]
[EventType "team-tourn"]
[EventRounds "9"]
[EventCountry "GER"]
[SourceTitle "EXT 2023"]
[Source "ChessBase"]
[SourceDate "2022.10.05"]
[SourceVersion "1"]
[SourceVersionDate "2022.10.05"]
[SourceQuality "1"]
[WhiteTeam "Coethen Germania"]
[BlackTeam "Magdeburg USC"]
[WhiteTeamCountry "GER"]
[BlackTeamCountry "GER"]

1. Nf3 d5 2. b3 Nf6 3. Bb2 g6 4. e3 Bg7 5. Be2 0-0 6. d3 c5 7. Nbd2 Nc6 8. Ne5 Qd6 9. Nxc6 Qxc6 10. Nf3 b6 11. h4 h5 12. Rb1 Ng4 13. Bxg7 Kxg7 14. Nh2 Nxh2 15. Rxh2 Qd6 16. Rh1 f5 17. Qd2 Bb7 18. Rh3 f4 19. exf4 Rxf4 20. g3 Rf6 21. g4 Raf8 22. gxh5 Rxf2 23. Qg5 R8f6 24. hxg6 Rxg6 25. Qxg6+ Qxg6 26. Kxf2 Qf6+ 27. Bf3 Qd4+ 28. Kg2 Qc3 29. Rg3+ Kh8 30. Rf1 Qxc2+ 31. Rf2 Qxd3 32. Kh2 Qd4 33. Rfg2 Qf4 34. Kg1 Qc1+ 35. Kh2 Qf4 36. Kh1 Qc1+ 37. Rg1 Qf4 38. Rg8+ Kh7 39. R8g7+ Kh8 40. Rg8+ Kh7 41. R8g7+ Kh8 1/2-1/2

[Event "Sachsen-Anhalt Verbandsliga 18/19"]
[Site "Sachsen Anhalt"]
[Date "2019.04.07"]
[Round "9.1"]
[White "Praczyk, Karl"]
[Black "Hoffmann, Lennard"]
[Result "1-0"]
[WhiteElo "2031"]
[BlackElo "1996"]
[PlyCount "53"]
[EventDate "2018.10.21"]
[EventType "team-tourn"]
[EventRounds "9"]
[EventCountry "GER"]
[SourceTitle "EXT 2022"]
[Source "ChessBase"]
[SourceDate "2021.10.06"]
[SourceVersion "1"]
[SourceVersionDate "2021.10.06"]
[SourceQuality "1"]
[WhiteTeam "Coethen Germania"]
[BlackTeam "Merseburg"]
[WhiteTeamCountry "GER"]
[BlackTeamCountry "GER"]

1. b3 e5 2. Bb2 Nc6 3. e3 Nf6 4. Bb5 d6 5. Ne2 a6 6. Bxc6+ bxc6 7. 0-0 Be7 8. f4 exf4 9. Nxf4 0-0 10. Nc3 d5 11. Nce2 c5 12. Nd3 Bb7 13. Ng3 d4 14. Nf5 dxe3 15. dxe3 Re8 16. Nxg7 Kxg7 17. Qg4+ Kf8 18. Qg5 Qd5 19. Qh6+ Kg8 20. Rf3 Qh5 21. Rg3+ Qg6 22. Rxg6+ fxg6 23. Rf1 Rf8 24. Nf4 Rf7 25. Ne6 Ng4 26. Rxf7 Kxf7 27. Ng5+ 1-0

[Event "Oberliga Ost-A 1314"]
[Site "Germany"]
[Date "2014.03.16"]
[Round "9.4"]
[White "Schnabel, Ralf"]
[Black "Praczyk, Karl"]
[Result "1/2-1/2"]
[WhiteElo "2228"]
[BlackElo "2028"]
[PlyCount "81"]
[EventDate "2013.10.13"]
[EventType "team-tourn"]
[EventRounds "11"]
[EventCountry "GER"]
[SourceTitle "EXT 2015"]
[Source "ChessBase"]
[SourceDate "2014.11.20"]
[SourceVersion "1"]
[SourceVersionDate "2014.11.20"]
[SourceQuality "1"]
[WhiteTeam "Aue Nickelhuette II"]
[BlackTeam "Koethen Ludwigs"]
[WhiteTeamCountry "GER"]
[BlackTeamCountry "GER"]

1. e4 c6 2. d4 d5 3. Nd2 dxe4 4. Nxe4 Nf6 5. Nxf6+ exf6 6. c3 Bd6 7. Bd3 0-0 8. Qc2 Re8+ 9. Ne2 h6 10. Be3 Qa5 11. 0-0 Nd7 12. Rfe1 Qc7 13. Ng3 Nf8 14. c4 Bg4 15. a3 Rad8 16. b4 Bf4 17. Bf5 Bxf5 18. Qxf5 Ng6 19. Rad1 Re7 20. Bxf4 Rxe1+ 21. Rxe1 Qxf4 22. Qxf4 Nxf4 23. Rd1 h5 24. Kf1 Kf8 25. Ne2 Nxe2 26. Kxe2 Ke7 27. Kd3 Kd6 28. Re1 Rh8 29. h4 g5 30. Re4 Rg8 31. g3 f5 32. c5+ Kd7 33. Re5 f6 34. Rxf5 Ke6 35. Ke4 gxh4 36. gxh4 Rg4+ 37. Rf4 f5+ 38. Ke3 Rg1 39. Rf3 Rg4 40. Rf4 Rg1 41. Rf3 1/2-1/2